Practical Russian /

Wedi'i Gadw mewn:
Manylion Llyfryddiaeth
Awduron Eraill: Bogatova, G. (autor) (autor)
Fformat: Llyfr
Iaith:Saesneg
Pynciau:
Tagiau: Ychwanegu Tag
Dim Tagiau, Byddwch y cyntaf i dagio'r cofnod hwn!

MARC

LEADER 00000nam^a2200000^a^4500
001 000181847
005 20250521000000.0
009 20260310101946.818
037 |a Acervo ITESO - Biblioteca 
041 |a ING 
082 |a 491. 75  |b PRA 
240 1 4 |a [El ruso enseñado por la práctica] 
245 0 0 |a Practical Russian /  |c G. Bogatova... [et al.]. 
264 |a Moscú, Rusia :  |b Foreign Languages Publishing House,  |c ca. 1980 
300 |a 173 p. 
336 |a texto  |b txt  |2 rdacontenido 
337 |a sin mediación  |b n  |2 rdamedio 
338 |a volumen  |b nc  |2 rdasoporte 
649 |a XX 
650 |a Ruso -  |x Estudio y Enseñanza -  |x Tema Principal 
650 |a Gramática 
650 |a Lenguas Eslavas (Región Oriental) -  |x Estudio y Enseñanza 
650 |a Lenguas Baltoeslavas -  |x Estudio y Enseñanza 
650 |a Lingüística 
700 |a Bogatova, G.  |e (autor) 
910 |a Fondo General 
920 |a Impresos - Libros 
930 |a Colección General 
905 |a 101 
901 |a 0500121552  |b IT1  |c ACC  |u 20250521 
902 |a https://opac.biblio.iteso.mx/vufind/Record/000181847